BIBLIOTECA PODER JUDICIAL
Portal Judicial TDF

La visibilización institucional de las múltiples vulnerabilidades / (Registro nro. 6212)

000 -LEADER
fixed length control field 01199nab a22002297a 4500
003 - CONTROL NUMBER IDENTIFIER
control field OSt
005 - DATE AND TIME OF LATEST TRANSACTION
control field 20260125234541.0
008 - FIXED-LENGTH DATA ELEMENTS--GENERAL INFORMATION
fixed length control field 190514b xxu||||| |||| 00| 0 spa d
040 ## - CATALOGING SOURCE
Transcribing agency PJ
100 ## - MAIN ENTRY--PERSONAL NAME
9 (RLIN) 4488
Personal name Ortiz, Diego O.
245 13 - TITLE STATEMENT
Title La visibilización institucional de las múltiples vulnerabilidades /
Remainder of title Diego Ortiz.
300 ## - PHYSICAL DESCRIPTION
Extent p. 47-55
500 ## - GENERAL NOTE
General note Cita: TR LALEY AR/DOC/1513/2024.
505 ## - FORMATTED CONTENTS NOTE
Formatted contents note Sumario: I. Introducción.— II. Los hechos del caso.— III. Las vulnerabilidades.— IV. La visibilización de la articulación interinstitucional.— V. La violencia económica y vicaria.— VI. La autorización para viajar contextualizada.— VII. Conclusión.
505 ## - FORMATTED CONTENTS NOTE
Title Fallo comentado: JNiñez,Adoles.Viol.Fliar y de Género de 3° nom., Córdoba ~ 13/11/2023 ~ P. M. D. s/ denuncia por violencia familiar.
650 #0 - SUBJECT ADDED ENTRY--TOPICAL TERM
9 (RLIN) 967
Topical term or geographic name as entry element DERECHO DE FAMILIA
650 #0 - SUBJECT ADDED ENTRY--TOPICAL TERM
9 (RLIN) 4695
Topical term or geographic name as entry element SITUACIÓN DE VULNERABILIDAD
650 #0 - SUBJECT ADDED ENTRY--TOPICAL TERM
9 (RLIN) 1057
Topical term or geographic name as entry element JURISPRUDENCIA APLICABLE
700 ## - ADDED ENTRY--PERSONAL NAME
9 (RLIN) 6939
Personal name Pedrido Mariani, Julia
773 0# - HOST ITEM ENTRY
Host Biblionumber 2844
Host Itemnumber 3222
Place, publisher, and date of publication Buenos Aires : AbeledoPerrot, 1989-
Title Derecho de familia. Revista Interdisciplinaria de doctrina y jurisprudencia. Agosto 2024-IV.
International Standard Book Number 18511201
942 ## - ADDED ENTRY ELEMENTS (KOHA)
Source of classification or shelving scheme
Koha item type Analítica Artículo de Revista

No hay ítems disponibles.

12 de Octubre 789 Ushuaia - Tel:  54(02901)441571
Horario de Atención: 8.00 a 17.00 hs. 
bibliotecaush@justierradelfuego.gov.ar
koha@justierradelfuego.gov.ar
Seguinos en nuestras redes @bibliojustdf 

Con tecnología Koha